000 00925nam a2200217Ia 4500
008 0000002003 us a 0000000000eng00
020 _a971979669
090 _aPUS00 K13c
100 1 _aKahn, Wolf
_d1927
245 1 0 _aContinuity and change
_b: Wolf Kahn, paintings and works on paper 195866 200003
_c/ photography by Jordan Tinker
300 _a32 p.
_c/ 22 cm.
500 _aExposición realizada en Ameringer Yohe Fine Art, New York, Abril 24 Mayo 23, 2003 \ Pintor alemán de nacionalidad estadounidense \ Con el patronazgo del maestro venezolano Jesús Rafael Soto (q.e.p.d.)
600 0 0 _a KAHN, WOLF, 1927/
_xTRABAJOS PICTORICOS
650 1 4 _a PINTURA ESTADOUNIDENSE
650 1 4 _aARTE CONTEMPORANEO ESTADOUNIDENSE
650 1 4 _xCATALOGOS
650 1 4 _xEXPOSICIONES
650 1 4 _aPINTORES ESTADOUNIDENSES
700 1 _aTinker, Jordan
999 _c765
_d765
260 _aNew York : Ameringer Yohe Fine Art
_c2003